| 000 | 00998nam a2200253 i 4500 | ||
|---|---|---|---|
| 001 | 15957 | ||
| 003 | ES-MaACL | ||
| 005 | 20250820063021.0 | ||
| 007 | t| | ||
| 008 | 000529s1997 sp ||||0| spa j | ||
| 020 | _a84-7846-710-6 | ||
| 040 |
_aM-BN _bspa _cM-BN |
||
| 080 | _a946.0"1598/1621" | ||
| 100 | 1 |
_aCabrera de Córdoba, Luis, _d1559-1623 _933308 |
|
| 245 | 1 | 0 |
_aRelaciones de las cosas sucedidas en la Corte de España desde 1599 hasta 1614 / _cLuis Cabrera de Córdoba ; prefacio, Ricardo García Cárcel. |
| 260 |
_a[Valladolid] : _bConsejería de Educación y Cultura, _c1997. |
||
| 300 |
_a42, 655 p. ; _c29 cm. |
||
| 534 |
_pReprod. de la ed. de: _c-- Madrid: Imp. de J. Martín Alegría, 1857. |
||
| 651 | 4 |
_aEspaña- _xHistoria- _y1598-1621, Felipe III. _98234 |
|
| 700 | 0 |
_aGarcía Cárcel, Ricardo, _d1948- _954339 |
|
| 710 | 1 |
_aCastilla y León. _bConsejería de Educación y Cultura. _92500 |
|
| 852 |
_aES-MaACL _jL-23185 _bR.128300 |
||
| 999 |
_c15957 _d15957 |
||